000 00695nam a2200205 i 4500
001 99679
003 ES-MaACL
005 20250915063039.0
007 t|
008 050914s1963 sp ||||1| spa d
100 1 _aMartínez de Campos y Serrano, Carlos,
_d1887-1975
_977985
245 1 0 _aEnsayos y comentarios sobre arte y literatura, historia política y milicia, filosofía y técnica /
_cCarlos Martínez de Campos y Serrano.
260 _aMadrid :
_bAguilar,
_c1963.
300 _a494 p. ;
_c21 cm.
490 1 _aColección Literaria
830 0 _aColección literaria (Aguilar)
_9236293
852 _aES-MaACL
_jC-22993
_bR.51747
942 _2udc
999 _c99679
_d99679